000
00157 a2200073 4500
020
_a
0940058814
082
_2
SWA 896.39872 SITH
_a
F
_b
1
245
_a
ENSHUNGUNSHWINI
999
_c
799680
_d
799679
942
_w
438
_x
Lucy Nkosi
_y
438
_z
Lucy Nkosi